Alsace en 1800 - Statistiques

Statistiques générales
  • Ce quiz a été pris 173 fois
  • Le résultat moyen est 7 sur 15
Statistiques - réponses
Ville Population en 1800 % Correct
Colmar 11 933
99%
Strasbourg 49 056
99%
Mulhouse 6 018
98%
Haguenau 7 094
82%
Sélestat 7 464
80%
Saverne 3 980
64%
Wissembourg 4 097
53%
Obernai 4 391
47%
Thann 4 186
47%
Ribeauvillé 4 714
25%
Barr 3 996
19%
Sainte-Marie-aux-Mines 6 158
12%
Soultz 3 945
8%
Wasselonne 3 537
8%
Orbey 4 480
3%
Aucun quiz correspondant
Distribution des résultats
% des personnes avec chaque résultat
Percentile par nombre de réponses
Votre historique - résultats
Vous n’avez pas pris ce quiz